| 000 | 00841nam a2200277 a 4500 | ||
|---|---|---|---|
| 001 | vtls000969082 | ||
| 003 | NLI | ||
| 005 | 20210627095144.0 | ||
| 008 | 120112s1944 ii 000 0 eng | ||
| 039 | 9 |
_y201201121807 _zEntertech_02 |
|
| 040 | 0 |
_aNLI _beng _cEntertech-2011 _eAACR2 |
|
| 041 | 0 | _aeng | |
| 044 | _aii | ||
| 084 | _a108.E.233 | ||
| 110 | 2 |
_aBritish Broadcasting Corporation _9799006 |
|
| 245 | 1 | 0 |
_aIndia and the Four Freedoms / _cWickham steed ... [et al.] |
| 260 |
_aCalcutta : _bOxford University Press, _c1944 |
||
| 300 |
_a94 p. ; _c18 cm. |
||
| 650 | 0 |
_aCivil rights z India _9909563 |
|
| 651 | 0 |
_aIndia _xSocial conditions _9678870 |
|
| 700 | 1 |
_aSteed, Henry Wickham, _d1871-1956 _9798599 |
|
| 887 | _a | ||
| 901 |
_aIMP57740 : _b30.8.2010 |
||
| 902 | _a108.E.233 | ||
| 999 |
_aVIRTUA _c793136 _d793136 |
||
| 942 |
_2ddc _cBKS |
||